Guess the Olivia Rodrigo Song with No Hints - 5 - Statistics

General Stats
  • This quiz has been taken 195 times
    193 since last reset
  • The average score is 218 of 295
Answer Stats
% Correct
I
99%
you
99%
A
96%
the
88%
we
87%
We
87%
to
85%
To
85%
your
85%
it
84%
when
84%
in
83%
In
83%
on
83%
déjà
82%
Do
82%
do
82%
Ha
82%
ha
82%
She
82%
she
82%
vu
82%
And
81%
and
81%
be
81%
love
81%
That
80%
that
80%
her
79%
too
79%
is
78%
One
78%
one
78%
so
78%
So
78%
But
76%
but
76%
for
76%
get
76%
how
76%
How
76%
know
76%
my
76%
was
76%
you're
76%
You're
76%
all
74%
cream
74%
did
74%
ice
74%
with
74%
she's
73%
it's
72%
Oh
72%
oh
72%
Strawberry
72%
think
72%
Malibu
71%
tell
71%
who
71%
bet
69%
like
69%
say
69%
two
69%
of
68%
Billy
67%
friends
67%
gonna
67%
spoon
67%
special
66%
thinks
66%
Car
65%
'Cause
65%
Don't
65%
jackets
65%
reused
65%
Singing
65%
singing
65%
Girl
64%
girl
64%
Joel
64%
our
64%
Laughing
63%
looks
63%
Now
62%
now
62%
place
62%
Play
61%
saying
61%
small
61%
'bout
60%
first
60%
found
60%
harmony
60%
hate
60%
jokes
60%
just
60%
knows
60%
rides
60%
trading
60%
unique
60%
about
59%
act
59%
name
59%
between
58%
call
58%
played
58%
Played
58%
same
58%
chorus
57%
made
57%
song
57%
used
57%
doesn't
56%
even
56%
kinda
56%
verse
56%
Yeah
56%
annoying
55%
Being
55%
talked
55%
together
55%
type
55%
bragging
54%
didn't
54%
honest
54%
let's
54%
shit
54%
sound
54%
Uptown
54%
Watching
54%
Glee
53%
show
53%
everything
52%
new
52%
actress
51%
nothing
51%
piano
51%
taught
51%
Another
49%
I'll
49%
reruns
49%
there's
49%
Ah
46%
different
46%
Almost
43%
ooh
39%
huh
37%
hmm
24%
No matching quizzes found
Score Distribution
Percent of People with Each Score
Percentile by Number Answered
Your Score History
You have not taken this quiz since the last reset